| 000 | 00724nam a22002057a 4500 | ||
|---|---|---|---|
| 999 |
_c195845 _d195845 |
||
| 005 | 20230504140639.0 | ||
| 010 | _aENG-136772 | ||
| 020 |
_a9789386643650 _c1895.00 |
||
| 035 | _aEN-120304 | ||
| 037 | _bDBAD/PUB | ||
| 082 |
_a346.54066 _2Fourth |
||
| 100 | _aManekar, Prachi | ||
| 245 |
_aNational Company Law Tribunal And National Company Law Appellate Tribunal / : _cBy Prachi Manekar |
||
| 250 | _aFourth | ||
| 260 |
_aNew Delhi _bBloombury Publishing India Pvt Ltd _c2017 |
||
| 270 |
_aDDA Complex, LSC Building No.4 Second Floor, Pocket C 6 & 7, Vasant Kunj _bNew Delhi _e110070 |
||
| 300 |
_alxxiv,978p.; _c24m(pbk) |
||
| 500 | _aLaw, Practice & Procedure | ||
| 942 |
_2ddc _cEN _h346.54066 _mMAN |
||